| 000 | 00484nam a22001817a 4500 | ||
|---|---|---|---|
| 003 | CEME | ||
| 005 | 20210628202650.0 | ||
| 008 | 210122b xxu||||| |||| 00| 0 eng d | ||
| 020 | _a1-58053-530-5 | ||
| 040 | _cceme | ||
| 082 | _a005.8 DEN | ||
| 100 |
_aDent, Alexander.W,Mitchell, Chris.J _960973 |
||
| 245 | _aUser's guide to cryptography and standards | ||
| 260 |
_aBOSTON _bARTECH HOUSE _c2005 |
||
| 300 | _aXIII,382P | ||
| 650 |
_aCOMPUTER SECURITY. _9570 |
||
| 942 |
_cBK _2ddc |
||
| 999 |
_c570560 _d570560 |
||